De Verdad - Abraham Mateo, Adexe & Nau - Estadísticas

Estadísticas generales
  • Esta prueba ha sido intentada 27 veces
  • La puntuación promedio es 163 de 497
Estadísticas de respuestas
Letra % Correcto
a
100%
A
100%
de
75%
De
75%
el
75%
la
75%
lo
75%
Lo
75%
o
75%
75%
se
75%
75%
verdad
75%
Y
75%
y
75%
como
50%
con
50%
Con
50%
en
50%
es
50%
esa
50%
me
50%
mi
50%
na
50%
Pa
50%
para
50%
quiero
50%
ser
50%
te
50%
Te
50%
ti
50%
50%
50%
tu
50%
un
50%
una
50%
Yo
50%
yo
50%
amor
25%
aunque
25%
besitos
25%
buena
25%
corazón
25%
Cuando
25%
encantas
25%
entre
25%
Eres
25%
Eso
25%
gusta
25%
gustas
25%
hace
25%
hacer
25%
hacerte
25%
los
25%
más
25%
miento
25%
no
25%
No
25%
Pasito
25%
pasito
25%
Pero
25%
pero
25%
pies
25%
po
25%
por
25%
Puede
25%
puede
25%
Que
25%
que
25%
querer
25%
sentimiento
25%
siempre
25%
sin
25%
todo
25%
tus
25%
unos
25%
veces
25%
vez
25%
100
0%
alegría
0%
aleja
0%
amando
0%
año
0%
antes
0%
Así
0%
ausentes
0%
ayer
0%
Baby
0%
bajaría
0%
Barbie
0%
bebé
0%
besara
0%
bonito
0%
boom
0%
Cada
0%
cambiar
0%
cambiaría
0%
cansaría
0%
cartas
0%
ciento
0%
comprar
0%
conocer
0%
cualquiera
0%
da
0%
daño
0%
del
0%
den
0%
deprimida
0%
derrocho
0%
descuidado
0%
desearía
0%
día
0%
días
0%
dirección
0%
doy
0%
Edén
0%
encontrarás
0%
engaño
0%
enloquecer
0%
entender
0%
escribiera
0%
escribo
0%
Escucha
0%
este
0%
estudió
0%
extraño
0%
hacía
0%
haría
0%
hay
0%
haya
0%
Hoy
0%
igual
0%
jamás
0%
Ken
0%
les
0%
llevo
0%
luna
0%
mademoiselle
0%
mamá
0%
Mamacita
0%
mamacita
0%
manteniendo
0%
marches
0%
medida
0%
mentiría
0%
mía
0%
miro
0%
nada
0%
nadie
0%
Nadie
0%
necesitas
0%
niña
0%
noches
0%
nuestro
0%
otra
0%
Óyeme
0%
pan
0%
Pasamos
0%
pasión
0%
perdiendo
0%
piensas
0%
poco
0%
poesía
0%
pom
0%
pondría
0%
Porque
0%
presente
0%
puro
0%
quiera
0%
razón
0%
rutina
0%
seguiré
0%
siento
0%
significa
0%
sigo
0%
simpatía
0%
Soy
0%
suena
0%
sueñas
0%
suficiente
0%
tan
0%
tontería
0%
ven
0%
vida
0%
Voy
0%
voz
0%
Whatsapp
0%
ya
0%
No se encontraron pruebas coincidentes
Distribución de puntuación
Porcentaje de gente con cada puntuación
Porcentaje por número respondido
Historial de tus puntuaciones
No has intentado esta prueba.